Ontológia humanizmu
Pojem "humanizmus" v dejinách európskej kultúry. Pátranie po zmysle a význame humanizmu. Projekt humanizmu ako teoretický model svojráznych pokusov o históriu budúcnosti - o jej podoby. Ľudský svet a zodpovednosť vo vecných súvislostiach.
Salvato in:
| Autore principale: | |
|---|---|
| Natura: | Capitolo di libro |
| Lingua: | slovacco |
| Soggetti: | |
| Tags: |
Nessun Tag, puoi essere il primo ad aggiungerne!!
|
MARC
| LEADER | 00000naa$a2200000$$$4500 | ||
|---|---|---|---|
| 001 | 0112276 | ||
| 005 | 20231121102134.5 | ||
| 041 | 0 | |a slo | |
| 044 | |a SK | ||
| 245 | 1 | 0 | |a Ontológia humanizmu |c František Mihina |
| 520 | |a Pojem "humanizmus" v dejinách európskej kultúry. Pátranie po zmysle a význame humanizmu. Projekt humanizmu ako teoretický model svojráznych pokusov o históriu budúcnosti - o jej podoby. Ľudský svet a zodpovednosť vo vecných súvislostiach. | ||
| 610 | 2 | 0 | |a filozofia |
| 610 | 2 | 0 | |a humanizmus |
| 610 | 2 | 0 | |a dejiny |
| 610 | 2 | 0 | |a vedomie spoločenské |
| 610 | 2 | 0 | |a civilizácia |
| 100 | 1 | |a Mihina, František | |